000 00152nam a22000857a 4500
041 _aENG
245 _aPC Quest
260 _aPune
_bPune
_c2000
300 _aCD
999 _c635
_d635